<?xml version="1.0" encoding="UTF-8"?>
<record
    xmlns:xsi="http://www.w3.org/2001/XMLSchema-instance"
    xsi:schemaLocation="http://www.loc.gov/MARC21/slim http://www.loc.gov/standards/marcxml/schema/MARC21slim.xsd"
    xmlns="http://www.loc.gov/MARC21/slim">

  <leader>00692nam a2200205Ia 4500</leader>
  <datafield tag="999" ind1=" " ind2=" ">
    <subfield code="c">36174</subfield>
    <subfield code="d">36174</subfield>
  </datafield>
  <controlfield tag="001">2076</controlfield>
  <controlfield tag="003">GE_BSU</controlfield>
  <controlfield tag="005">20221011163408.0</controlfield>
  <controlfield tag="008">181216s1969ru  xx |||||||||||||| ||rus||</controlfield>
  <datafield tag="040" ind1=" " ind2=" ">
    <subfield code="c">GE_BSU</subfield>
  </datafield>
  <datafield tag="041" ind1=" " ind2=" ">
    <subfield code="a">rus</subfield>
  </datafield>
  <datafield tag="080" ind1=" " ind2=" ">
    <subfield code="a">821.111.09 &#x428;-41</subfield>
  </datafield>
  <datafield tag="100" ind1=" " ind2=" ">
    <subfield code="a">&#x428;&#x432;&#x435;&#x434;&#x43E;&#x432;,&#x42E;.</subfield>
    <subfield code="9">15261</subfield>
  </datafield>
  <datafield tag="245" ind1=" " ind2=" ">
    <subfield code="a">&#x422;&#x440;&#x430;&#x433;&#x435;&#x434;&#x438;&#x44F; &#x428;&#x435;&#x43A;&#x441;&#x43F;&#x438;&#x440;&#x430; +&#x41E;&#x442;&#x435;&#x43B;&#x43B;&#x43E; :</subfield>
    <subfield code="b">&#x41C;&#x438;&#x440;&#x43E;&#x432;&#x430;&#x44F; &#x43B;&#x438;&#x442;&#x435;&#x440;&#x430;&#x442;&#x443;&#x440;&#x430; /</subfield>
    <subfield code="c">&#x42E;. &#x428;&#x432;&#x435;&#x434;&#x43E;&#x432;.</subfield>
  </datafield>
  <datafield tag="264" ind1=" " ind2=" ">
    <subfield code="a">&#x41C;&#x43E;&#x441;&#x43A;&#x432;&#x430; :</subfield>
    <subfield code="b">&#x412;&#x44B;&#x441;&#x448;&#x430;&#x44F; &#x448;&#x43A;&#x43E;&#x43B;&#x430;,</subfield>
    <subfield code="c">1969.</subfield>
  </datafield>
  <datafield tag="300" ind1=" " ind2=" ">
    <subfield code="a">103 &#x441;&#x442;&#x440;. :</subfield>
    <subfield code="b">19 &#x441;&#x43C;.</subfield>
  </datafield>
  <datafield tag="653" ind1=" " ind2=" ">
    <subfield code="a">&#x422;&#x440;&#x430;&#x433;&#x435;&#x434;&#x438;&#x44F; &#x428;&#x435;&#x43A;&#x441;&#x43F;&#x438;&#x440;&#x430; +&#x41E;&#x442;&#x435;&#x43B;&#x43B;&#x43E;</subfield>
  </datafield>
  <datafield tag="653" ind1=" " ind2=" ">
    <subfield code="a">&#x10E8;&#x10D4;&#x10E5;&#x10E1;&#x10DE;&#x10D8;&#x10E0;&#x10D8;&#x10E1; &#x10E2;&#x10E0;&#x10D0;&#x10D2;&#x10D4;&#x10D3;&#x10D8;&#x10D0; + &#x10DD;&#x10E2;&#x10D4;&#x10DA;&#x10DD;</subfield>
  </datafield>
  <datafield tag="942" ind1=" " ind2=" ">
    <subfield code="c">BK</subfield>
    <subfield code="2">udc</subfield>
  </datafield>
  <datafield tag="952" ind1=" " ind2=" ">
    <subfield code="0">0</subfield>
    <subfield code="1">0</subfield>
    <subfield code="2">udc</subfield>
    <subfield code="4">0</subfield>
    <subfield code="6">82111109_&#x428;41</subfield>
    <subfield code="7">0</subfield>
    <subfield code="9">34910</subfield>
    <subfield code="a">CPL</subfield>
    <subfield code="b">CPL</subfield>
    <subfield code="c">GEN</subfield>
    <subfield code="d">2018-12-17</subfield>
    <subfield code="g">4.00</subfield>
    <subfield code="o">821.111.09 &#x428;-41</subfield>
    <subfield code="p">4330</subfield>
    <subfield code="r">2018-12-17</subfield>
    <subfield code="t">4330</subfield>
    <subfield code="w">2018-12-17</subfield>
    <subfield code="y">BK</subfield>
    <subfield code="z">4.00</subfield>
  </datafield>
</record>
